| 000 | 00916 a2200289 4500 | ||
|---|---|---|---|
| 999 |
_c160012 _d26308 |
||
| 001 | 160012 | ||
| 003 | TR-AnTOB | ||
| 005 | 20220721114806.0 | ||
| 007 | ta | ||
| 008 | 060330s1996 tu 00000 tur | ||
| 040 |
_aTR-AnTOB _beng _erda _cTR-AnTOB |
||
| 041 | 0 | _atur | |
| 050 | 4 |
_aHC491.5.A2 _bD86 1996 |
|
| 090 |
_aHC491.5.A2 _bD86 1996 |
||
| 111 | 2 |
_aDünya İşadamları Kurultayı _n(1. : _d1996 : _cİstanbul) _9123973 |
|
| 245 | 1 | 0 |
_aI. Dünya İşadamları Kurultayı : _bİstanbul 27/28 Şubat 1996 : Konuşmalar ve basın haberleri. |
| 264 | 1 |
_aAnkara : _bTürk Dış Ticaret Vakfı, _c1996. |
|
| 300 |
_a320 pages ; _c20 cm |
||
| 336 |
_2rdacontent _atext _btxt |
||
| 337 |
_2rdamedia _aunmediated _bn |
||
| 338 |
_2rdacarrier _avolume _bnc |
||
| 650 |
_aİşadamları _zTürkiye _vKongreler _965958 |
||
| 651 | 0 |
_aTürkiye _xEkonomik durum _980633 |
|
| 902 | _a006188 | ||
| 942 |
_cBK _2lcc |
||